| 000 | 00489nam a2200181Ia 4500 | ||
|---|---|---|---|
| 005 | 20250609105049.0 | ||
| 008 | 008 250516s9999 xx 000 0 eng d | ||
| 020 | _a9788197179617 | ||
| 040 |
_beng _cSDCL |
||
| 041 |
_aeng _2eng |
||
| 084 | _aR2 R4 | ||
| 100 |
_aTiwari, Kusha _9753530 |
||
| 245 | 0 |
_aBharatiya gyan parampara : _bDiscourses and traditions |
|
| 260 |
_aNew Delhi: _bResearch India Press, _c2024. |
||
| 300 | _axi,126p. | ||
| 650 | _aHistory | ||
| 942 |
_cTEXL _2CC |
||
| 999 |
_c1430353 _d1430353 |
||